<?xml version="1.0" encoding="UTF-8"?>
<record
    xmlns:xsi="http://www.w3.org/2001/XMLSchema-instance"
    xsi:schemaLocation="http://www.loc.gov/MARC21/slim http://www.loc.gov/standards/marcxml/schema/MARC21slim.xsd"
    xmlns="http://www.loc.gov/MARC21/slim">

  <leader>01001nam a22001817a 4500</leader>
  <datafield tag="999" ind1=" " ind2=" ">
    <subfield code="c">56939</subfield>
    <subfield code="d">56939</subfield>
  </datafield>
  <controlfield tag="003">Ge_BSU</controlfield>
  <controlfield tag="005">20190628155723.0</controlfield>
  <controlfield tag="008">190628s1961    ge ||||| |||| 00| 0 geo d</controlfield>
  <datafield tag="041" ind1=" " ind2=" ">
    <subfield code="a">geo</subfield>
  </datafield>
  <datafield tag="080" ind1=" " ind2=" ">
    <subfield code="a"> 621:658.5(075.8)  &#x10D9;--39</subfield>
  </datafield>
  <datafield tag="100" ind1=" " ind2=" ">
    <subfield code="a">&#x10D9;&#x10D4;&#x10DA;&#x10D4;&#x10DC;&#x10EF;&#x10D4;&#x10E0;&#x10D8;&#x10EB;&#x10D4;, &#x10D1;&#x10D8;&#x10EB;&#x10D8;&#x10DC;&#x10D0;.</subfield>
    <subfield code="9">3062</subfield>
  </datafield>
  <datafield tag="245" ind1=" " ind2=" ">
    <subfield code="a">&#x10DB;&#x10D0;&#x10DC;&#x10E5;&#x10D0;&#x10DC;&#x10D0;&#x10D7;&#x10E1;&#x10D0;&#x10E8;&#x10D4;&#x10DC;&#x10D4;&#x10D1;&#x10D4;&#x10DA; &#x10E1;&#x10D0;&#x10EC;&#x10D0;&#x10E0;&#x10DB;&#x10DD;&#x10D7;&#x10D0; &#x10DD;&#x10E0;&#x10D2;&#x10D0;&#x10DC;&#x10D8;&#x10D6;&#x10D0;&#x10EA;&#x10D8;&#x10D0; &#x10D3;&#x10D0; &#x10D3;&#x10D0;&#x10D2;&#x10D4;&#x10D2;&#x10DB;&#x10D5;&#x10D0;  :</subfield>
    <subfield code="b">&#x10E3;&#x10DB;&#x10D0;&#x10E6;&#x10DA;. &#x10E2;&#x10D4;&#x10E5;&#x10DC;. &#x10E1;&#x10D0;&#x10E1;&#x10EC;. &#x10DB;&#x10D4;&#x10E5;&#x10D0;&#x10DC;&#x10D8;&#x10D9;&#x10D0;-&#x10DB;&#x10D0;&#x10DC;&#x10E5;&#x10D0;&#x10DC;&#x10D0;&#x10D7;&#x10DB;&#x10E8;&#x10D4;&#x10DC;&#x10D4;&#x10D1;&#x10DA;&#x10DD;&#x10D1;&#x10D8;&#x10E1; &#x10E1;&#x10DE;&#x10D4;&#x10EA;. &#x10E1;&#x10E2;&#x10E3;&#x10D3;.      /</subfield>
    <subfield code="c">&#x10D1;&#x10D8;&#x10EB;&#x10D8;&#x10DC;&#x10D0;, &#x10D9;&#x10D4;&#x10DA;&#x10D4;&#x10DC;&#x10EF;&#x10D4;&#x10E0;&#x10D8;&#x10EB;&#x10D4;.</subfield>
  </datafield>
  <datafield tag="264" ind1=" " ind2=" ">
    <subfield code="a">&#x10D7;&#x10D1;&#x10D8;&#x10DA;&#x10D8;&#x10E1;&#x10D8; :</subfield>
    <subfield code="b">&#x10EA;&#x10DD;&#x10D3;&#x10DC;&#x10D0;,</subfield>
    <subfield code="c">1961.</subfield>
  </datafield>
  <datafield tag="300" ind1=" " ind2=" ">
    <subfield code="a"> 215&#x10D2;&#x10D5;. :</subfield>
    <subfield code="b">&#x10DC;&#x10D0;&#x10EE;&#x10D0;&#x10D6;. &#x10D3;&#x10D0; &#x10D8;&#x10DA;., 5&#x10E4;. &#x10E1;&#x10E5;&#x10D4;&#x10DB;. ;</subfield>
    <subfield code="c"> 22 &#x10E1;&#x10DB;.</subfield>
  </datafield>
  <datafield tag="504" ind1=" " ind2=" ">
    <subfield code="a">&#x10D1;&#x10D8;&#x10D1;&#x10DA;&#x10D8;&#x10DD;&#x10D2;&#x10E0;.: &#x10D2;&#x10D5;. 211-212.</subfield>
  </datafield>
  <datafield tag="653" ind1=" " ind2=" ">
    <subfield code="a"> &#x10DB;&#x10D0;&#x10DC;&#x10E5;&#x10D0;&#x10DC;&#x10D0;&#x10D7;&#x10DB;&#x10E8;&#x10D4;&#x10DC;&#x10D4;&#x10D1;&#x10DA;&#x10DD;&#x10D1;&#x10D0;</subfield>
  </datafield>
  <datafield tag="942" ind1=" " ind2=" ">
    <subfield code="2">udc</subfield>
    <subfield code="c">BK</subfield>
  </datafield>
  <datafield tag="952" ind1=" " ind2=" ">
    <subfield code="0">0</subfield>
    <subfield code="1">0</subfield>
    <subfield code="2">udc</subfield>
    <subfield code="4">0</subfield>
    <subfield code="6">62165850758_&#x10D9;39</subfield>
    <subfield code="7">0</subfield>
    <subfield code="9">86583</subfield>
    <subfield code="a">SPL</subfield>
    <subfield code="b">SPL</subfield>
    <subfield code="c">GEN</subfield>
    <subfield code="d">2019-06-28</subfield>
    <subfield code="g">1.00</subfield>
    <subfield code="o">621:658.5(075.8)  &#x10D9;--39</subfield>
    <subfield code="p">11068</subfield>
    <subfield code="r">2019-06-28</subfield>
    <subfield code="t">11068</subfield>
    <subfield code="w">2019-06-28</subfield>
    <subfield code="y">BK</subfield>
    <subfield code="z">1 &#x10DA;. 02 &#x10D7;.</subfield>
  </datafield>
  <datafield tag="952" ind1=" " ind2=" ">
    <subfield code="0">0</subfield>
    <subfield code="1">0</subfield>
    <subfield code="2">udc</subfield>
    <subfield code="4">0</subfield>
    <subfield code="6">62165850758_&#x10D9;39</subfield>
    <subfield code="7">0</subfield>
    <subfield code="9">86584</subfield>
    <subfield code="a">SPL</subfield>
    <subfield code="b">SPL</subfield>
    <subfield code="c">GEN</subfield>
    <subfield code="d">2019-06-28</subfield>
    <subfield code="g">1.02</subfield>
    <subfield code="o">621:658.5(075.8)  &#x10D9;--39</subfield>
    <subfield code="p">11069</subfield>
    <subfield code="r">2019-06-28</subfield>
    <subfield code="t">11069</subfield>
    <subfield code="w">2019-06-28</subfield>
    <subfield code="y">BK</subfield>
    <subfield code="z">1 &#x10DA;. 02 &#x10D7;.</subfield>
  </datafield>
</record>
